Nabhi's new import-export : (Record no. 136693)

MARC details
000 -LEADER
fixed length control field 00789nam a22002177a 4500
010 ## - LIBRARY OF CONGRESS CONTROL NUMBER
LC control number A-790965
020 ## - INTERNATIONAL STANDARD BOOK NUMBER
International Standard Book Number 8172741820
Terms of availability 540.00
035 ## - SYSTEM CONTROL NUMBER
System control number A-790965
037 ## - SOURCE OF ACQUISITION
Source of stock number/acquisition Cen Lib / Ret
040 ## - CATALOGING SOURCE
Original cataloging agency DPL
Language of cataloging En
082 ## - DEWEY DECIMAL CLASSIFICATION NUMBER
Classification number 382
Item number NAB
100 ## - MAIN ENTRY--PERSONAL NAME
Personal name Nabhi's
245 ## - TITLE STATEMENT
Title Nabhi's new import-export :
Remainder of title policy with itc(hs) classification of import export items and procedures alongwith input output & value addition norms /
Statement of responsibility, etc by Nabhi's
260 ## - PUBLICATION, DISTRIBUTION, ETC. (IMPRINT)
Place of publication, distribution, etc New Delhi
Name of publisher, distributor, etc A Nabhi Publicaitons
Date of publication, distribution, etc 1992-97
270 ## - ADDRESS
Address Po Box no. 37
City New Delhi
Postal code 110001
300 ## - PHYSICAL DESCRIPTION
Extent (v 1. 391 ; v 2. various pages)
Other physical details 27cm.
650 ## - SUBJECT ADDED ENTRY--TOPICAL TERM
Topical term or geographic name as entry element Exports -- Law and legislation -- India.
650 ## - SUBJECT ADDED ENTRY--TOPICAL TERM
Topical term or geographic name as entry element Tax incentives -- India.
650 ## - SUBJECT ADDED ENTRY--TOPICAL TERM
Topical term or geographic name as entry element Customs administration -- India.
942 ## - ADDED ENTRY ELEMENTS (KOHA)
Source of classification or shelving scheme Dewey Decimal Classification
Koha item type English Books
Classification part 382
Call number suffix NAB
Holdings
Withdrawn status Lost status Source of classification or shelving scheme Materials specified (bound volume or other part) Damaged status Not for loan Home library Current library Date acquired Source of acquisition Cost, normal purchase price Total Checkouts Full call number Barcode Date last seen Copy number Cost, replacement price Price effective from Koha item type Public note
    Dewey Decimal Classification v 2     Central Library Central Library 07/03/2016 Cen Lib/Ret 450.00   382 NAB A-790965 07/03/2016 1 450.00 07/03/2016 English Books  
Written off     v 1     Central Library Central Library 17/03/2016 Cen Lib/Ret 410.00   382 NAB A-790964 17/03/2016   410.00 17/03/2016 English Books Written off on approval by DLB (By Circulation); dtd 15-06-2023

© Delhi Public Library
Hit Counter
free hit counter